A vallási kultúrakutatás könyvei
Elmentve itt :
| Dokumentumtípus: | Könyv része |
|---|---|
| Megjelent: |
2016
|
| Sorozat: | A vallási kultúrakutatás könyvei
"Introibo ad altare dei": Kunszentmárton katolikus papjai |
| Kulcsszavak: | Vallástudomány - bibliográfia |
| Tárgyszavak: | |
| Online Access: | http://acta.bibl.u-szeged.hu/67390 |
| LEADER | 00792naa a2200217 i 4500 | ||
|---|---|---|---|
| 001 | acta67390 | ||
| 005 | 20211122120730.0 | ||
| 008 | 200415s2016 hu o 0|| hun d | ||
| 020 | |a 978-963-508-824-9 | ||
| 022 | |a 2064-4825 | ||
| 040 | |a SZTE Egyetemi Kiadványok Repozitórium |b hun | ||
| 041 | |a hun | ||
| 245 | 0 | 2 | |a A vallási kultúrakutatás könyvei |h [elektronikus dokumentum] |
| 260 | |c 2016 | ||
| 300 | |a 672-673 | ||
| 490 | 0 | |a A vallási kultúrakutatás könyvei | |
| 490 | 0 | |a "Introibo ad altare dei": Kunszentmárton katolikus papjai | |
| 650 | 4 | |a Bölcsészettudományok | |
| 650 | 4 | |a Filozófia, etika és vallástudományok | |
| 695 | |a Vallástudomány - bibliográfia | ||
| 856 | 4 | 0 | |u http://acta.bibl.u-szeged.hu/67390/1/vallasi_kulturakutatas_konyvei_023_672-673.pdf |z Dokumentum-elérés |